000 00862nam a2200253Ia 4500
003 OSt
005 20220923211136.0
006 a|||||r|||| 00| 0
007 ta
008 220922b |||||||| |||| 00| 0 hin d
020 _a818599918X (hbk)
_c295
024 _a235,356
037 _b421, 28/02/2008, University Book House
_cTextual
040 _aARTS
_cARTS
_bhin
041 _2hin
_ahin
082 _aO152,6N511x, P0
100 _aभरत सिंह
_9158680
245 0 _aप्रतिश्रुति और परिवर्तन
246 _aPratishruti aur parivartana
260 _aदिल्ली
_b स्वराज प्रकाशन
_c2000
300 _a227पृ.
_ccm.
942 _hO152,6N511x, P0
_cTEXL
_2CC
999 _c295872
_d295872